<?xml version="1.0" encoding="UTF-8"?>
<marc:record xmlns:marc="http://www.loc.gov/MARC21/slim">
   <marc:leader>00000nam a2200000 a 4500</marc:leader>
   <marc:datafield ind1="1" ind2=" " tag="100">
      <marc:subfield code="a">Penny, Louise</marc:subfield>
      <marc:subfield code="4">aut</marc:subfield>
      <marc:subfield code="e">Verfasser/-in</marc:subfield>
   </marc:datafield>
   <marc:datafield ind1="0" ind2="0" tag="245">
      <marc:subfield code="a">Wenn die Blätter sich rot färben</marc:subfield>
   </marc:datafield>
   <marc:datafield ind1="0" ind2="0" tag="245">
      <marc:subfield code="b">Der fünfte Fall für Gamache</marc:subfield>
   </marc:datafield>
   <marc:datafield ind1="0" ind2="0" tag="245">
      <marc:subfield code="c">Penny, Louise</marc:subfield>
   </marc:datafield>
   <marc:datafield ind1=" " ind2="1" tag="264">
      <marc:subfield code="a">Zürich</marc:subfield>
      <marc:subfield code="b">Kampa</marc:subfield>
      <marc:subfield code="c">2020</marc:subfield>
   </marc:datafield>
   <marc:datafield ind1="1" ind2=" " tag="520">
      <marc:subfield code="a">Wer ist der tote Mann, den niemand kennt? Wie ist seine Leiche unbemerkt in das Bistro gelangt, das sich zwischen Bäckerei und Buchhandlung mitten in Three Pines befindet? Und wer hat den Mann getötet? Es ist ein grauer, verregneter Sonntagmorgen Anfang September. Zufällig hat Myrna Landers, die Buchhändlerin von Three Pines, den Toten entdeckt und gleich Olivier, den Wirt des Bistros, und seinen Lebensgefährten Gabri informiert. Die drei sind sich einig: lieber ein toter Fremder als ein toter Freund. Dass sich jemand ungesehen im beschaulichen Three Pines herumgetrieben hat, ist allerdings schon merkwürdig, zumal das Dorf so versteckt in den kanadischen Wäldern liegt, dass überhaupt nur wenige von seiner Existenz wissen. Armand Gamache, der gerade mit seiner Familie beim Sonntagsfrühstück in Montréal sitzt, muss mit seinem Team anrücken. Im Laufe der Ermittlungen gerät Olivier selbst immer mehr unter Verdacht. Welche dunklen Geheimnisse aus seiner Vergangenheit versucht er vor Gamache und den anderen Dorfbewohnern zu verbergen?</marc:subfield>
   </marc:datafield>
   <marc:datafield ind1=" " ind2=" " tag="020">
      <marc:subfield code="a">9783311120193</marc:subfield>
      <marc:subfield code="9">9783311120193</marc:subfield>
   </marc:datafield>
   <marc:datafield ind1=" " ind2=" " tag="020">
      <marc:subfield code="a">3311120191</marc:subfield>
      <marc:subfield code="9">3311120191</marc:subfield>
   </marc:datafield>
   <marc:datafield ind1=" " ind2=" " tag="041">
      <marc:subfield code="a">ger</marc:subfield>
   </marc:datafield>
   <marc:datafield ind1=" " ind2=" " tag="338">
      <marc:subfield code="a">Band</marc:subfield>
   </marc:datafield>
   <marc:datafield ind1=" " ind2=" " tag="300">
      <marc:subfield code="a">537 Seiten</marc:subfield>
   </marc:datafield>
</marc:record>
